000 00849nam a2200265 a 4500
001 BRCA_6723
005 20190320205551.0
008 191011s1889----enk#######---#000-0#eng-#
041 _aeng
044 _aenk
050 4 _aGV703
_b.S44
_c1889
245 1 0 _aAthetics and football
_cby Montague Shearman; with numerous engravings by G. Mitchell
250 _a3
260 _aLondres
_bLongmans, Green & Co.
_c1889
300 _axxiv, 408 p.
_bil., 5 láminas
_c20 cm.
440 0 _aBadminton library of sport and pastimes
_916793
500 _aIncluye lista de ilustraciones, apéndice e índice alfabético
500 _aEstado físico: presenta humedad y algunas páginas intonsas
500 _aI99
650 1 4 _aAtletismo
_916794
650 1 4 _aFútbol
_916795
700 1 _aMitchell,G.
_eGrabador
_916796
902 _aGFM
942 _2lcc
_cB
999 _c6406
_d6406